B31_小学校1年生で習う漢字で書ける市区町村 - Statistics

General Stats
  • This quiz has been taken 57 times
  • The average score is 61 of 89
Answer Stats
都道府県名 種類 市町村名 % Correct
東京都 特別区 大田区
91%
山口県 山口市
91%
青森県 青森市
89%
福岡県 赤村
87%
北海道 森町
84%
静岡県 森町
84%
島根県 大田市
82%
東京都 特別区 足立区
80%
長野県 上田市
80%
岩手県 山田町
80%
長野県 青木村
78%
福岡県 大川市
78%
高知県 大川村
78%
兵庫県 三田市
78%
北海道 中川町
78%
長野県 中川村
78%
大分県 日田市
78%
熊本県 天草市
76%
山梨県 大月市
76%
高知県 大月町
76%
埼玉県 小川町
76%
長野県 小川村
76%
埼玉県 川口市
76%
長崎県 大村市
73%
静岡県 下田市
73%
東京都 立川市
73%
東京都 八王子市
73%
茨城県 日立市
73%
東京都 町田市
73%
福島県 石川町
71%
愛知県 犬山市
71%
広島県 大竹市
71%
長野県 大町市
71%
佐賀県 大町町
71%
栃木県 小山市
71%
静岡県 小山町
71%
長野県 川上村
71%
奈良県 川上村
71%
岐阜県 白川町
71%
岐阜県 白川村
71%
兵庫県 三木市
71%
香川県 三木町
71%
山形県 上山市
69%
宮崎県 小林市
69%
宮城県 白石市
69%
佐賀県 白石町
69%
大分県 竹田市
69%
東京都 日の出町
69%
山形県 村山市
69%
鹿児島県 出水市
67%
福岡県 大木町
67%
北海道 上川町
67%
鳥取県 大山町
67%
福岡県 田川市
67%
熊本県 玉名市
67%
石川県 白山市
67%
愛知県 大口町
64%
宮城県 女川町
64%
熊本県 上天草市
64%
新潟県 十日町市
64%
山形県 三川町
64%
新潟県 村上市
64%
宮城県 村田町
64%
福島県 大玉村
62%
富山県 立山町
62%
福島県 田村市
62%
山形県 中山町
62%
福岡県 八女市
62%
熊本県 五木村
60%
山形県 大石田町
60%
北海道 大空町
60%
栃木県 上三川町
60%
茨城県 大子町
60%
山梨県 早川町
60%
大分県 日出町
60%
北海道 下川町
58%
千葉県 白子町
58%
新潟県 田上町
58%
福島県 玉川村
58%
山形県 金山町
56%
福島県 金山町
56%
群馬県 玉村町
56%
福岡県 糸田町
53%
島根県 川本町
53%
青森県 田子町
53%
奈良県 天川村
53%
熊本県 水上村
53%
高知県 本山町
44%
福岡県 小竹町
42%
No matching quizzes found
Score Distribution
Percent of People with Each Score
Percentile by Number Answered
Your Score History
You have not taken this quiz